Statistiques concernant Citation Harry Potter (QCM) #2

Cliquez ici pour prendre le quiz!

Statistiques générales

  • Ce quiz a été pris 390 fois
  • Le résultat moyen est 6 sur 8

Statistiques - réponses

QuestionRéponse% Correct
"Je jure solennellement que mes intentions sont _____."mauvaises
94%
"Ce ne sont pas nos capacités qui déterminent ce que nous sommes, Harry, ce sont _____."nos choix
92%
"Ce ne sont pas vos ressemblances qui comptent Harry, ce sont _____."vos différences
86%
"- Quoi ? Mais on ne peut pas ressentir tout ça ! - Si, mais toi tu as la capacité émotionnelle _____."d’une petite cuillère
77%
"J’ai tout appris dans les livres. Mais il y a des choses beaucoup plus importantes, le courage, _____."l’amitié
77%
"Ce dont vous avez le plus peur est la peur elle-même, c’est une preuve de _____."sagesse
61%
“C’est de la force des convictions que dépend la réussite, pas _____. ”du nombre de partisans
46%
"Le problème, c’est que les humains ont un don pour désirer _____."ce qui leur fait le plus de mal
27%

Distribution des résultats

Percentile par nombre de réponses

% des personnes avec chaque résultat

Votre développement - résultats

Vous n’avez pas pris ce quiz